000
00228 a2200097 4500
001
440
100
_a
Kindle,JH
245
_a
Theory and problems of plane and swolid analytics geometry
260
_a
_b
Schanm
_c
090
_c
59
_d
59
942
_a
NUST-CAE
_c
M
_c
32377
999
_c
235513
_d
235513